<?xml version="1.0" encoding="UTF-8"?>
<record
    xmlns:xsi="http://www.w3.org/2001/XMLSchema-instance"
    xsi:schemaLocation="http://www.loc.gov/MARC21/slim http://www.loc.gov/standards/marcxml/schema/MARC21slim.xsd"
    xmlns="http://www.loc.gov/MARC21/slim">

  <leader>00795nam a2200181Ia 4500</leader>
  <controlfield tag="008">100921s9999    xx            000 0 und d</controlfield>
  <datafield tag="082" ind1=" " ind2=" ">
    <subfield code="b">37606</subfield>
    <subfield code="a">294.53 &#x928; 00</subfield>
  </datafield>
  <datafield tag="100" ind1=" " ind2=" ">
    <subfield code="a">&#x938;&#x93E;&#x920;&#x947; &#x935;&#x93F;&#x928;&#x93E;&#x92F;&#x915; &#x935;&#x93E;&#x938;&#x941;&#x926;&#x947;&#x935;.</subfield>
  </datafield>
  <datafield tag="245" ind1=" " ind2=" ">
    <subfield code="a">&#x905;&#x92D;&#x902;&#x917;&#x917;&#x93E;&#x925;&#x93E; &#x916;&#x902;&#x921;-1 &#x92D;&#x93E;&#x917; -2-1935-1953.</subfield>
  </datafield>
  <datafield tag="260" ind1=" " ind2=" ">
    <subfield code="b">&#x938;&#x93E;&#x920;&#x947; &#x917;&#x94D;&#x930;&#x902;&#x925; &#x92A;&#x94D;&#x930;&#x915;&#x93E;&#x936;&#x928; &#x92E;&#x902;&#x921;&#x933;&#x940;,&#x930;&#x924;&#x94D;&#x928;&#x93E;&#x917;&#x93F;&#x930;&#x940;.</subfield>
    <subfield code="c">2000</subfield>
  </datafield>
  <datafield tag="300" ind1=" " ind2=" ">
    <subfield code="a">835</subfield>
    <subfield code="b">---</subfield>
  </datafield>
  <datafield tag="365" ind1=" " ind2=" ">
    <subfield code="b">750</subfield>
  </datafield>
  <datafield tag="520" ind1=" " ind2=" ">
    <subfield code="a">&#x927;&#x930;&#x94D;&#x92E;-&#x92A;&#x942;&#x91C;&#x93E;-&#x938;&#x94D;&#x924;&#x947;&#x93E;&#x924;&#x94D;&#x930;&#x947;-&#x92D;&#x91C;&#x928;.</subfield>
  </datafield>
  <datafield tag="630" ind1=" " ind2=" ">
    <subfield code="a">&#x905;&#x92D;&#x902;&#x917;&#x917;&#x93E;&#x925;&#x93E; &#x916;&#x902;&#x921;-1 &#x92D;&#x93E;&#x917; -2-1935-1953.</subfield>
  </datafield>
  <datafield tag="650" ind1=" " ind2=" ">
    <subfield code="a">&#x927;&#x930;&#x94D;&#x92E;-&#x92A;&#x942;&#x91C;&#x93E;-&#x938;&#x94D;&#x924;&#x947;&#x93E;&#x924;&#x94D;&#x930;&#x947;-&#x92D;&#x91C;&#x928;.</subfield>
  </datafield>
  <datafield tag="730" ind1=" " ind2=" ">
    <subfield code="a">&#x905;&#x92D;&#x902;&#x917;&#x917;&#x93E;&#x925;&#x93E; &#x916;&#x902;&#x921;-1 &#x92D;&#x93E;&#x917; -2-1935-1953.</subfield>
  </datafield>
  <datafield tag="942" ind1=" " ind2=" ">
    <subfield code="c">BOOK</subfield>
  </datafield>
  <datafield tag="999" ind1=" " ind2=" ">
    <subfield code="c">786719</subfield>
    <subfield code="d">786716</subfield>
  </datafield>
  <datafield tag="952" ind1=" " ind2=" ">
    <subfield code="0">0</subfield>
    <subfield code="1">0</subfield>
    <subfield code="4">0</subfield>
    <subfield code="7">0</subfield>
    <subfield code="a">WAITILAKGS</subfield>
    <subfield code="b">WAITILAKGS</subfield>
    <subfield code="c">294.53 &#x928; 00</subfield>
    <subfield code="d">0000-00-00</subfield>
    <subfield code="g">750.00</subfield>
    <subfield code="l">0</subfield>
    <subfield code="p">WAITILAKGS-37606</subfield>
    <subfield code="r">2010-09-21 00:00:00</subfield>
    <subfield code="w">2010-09-21</subfield>
    <subfield code="y">BOOK</subfield>
    <subfield code="z">&#x926;&#x947;&#x935;&#x918;&#x947;&#x935;</subfield>
  </datafield>
</record>
